| 000 | 02023cam a22004455i 4500 | ||
|---|---|---|---|
| 001 | 21110339 | ||
| 003 | NUST | ||
| 005 | 20220828194616.0 | ||
| 008 | 190731s2020 nyua b 001 0 eng d | ||
| 010 | _a 2019947272 | ||
| 020 | _a9781319240370 | ||
| 020 | _a1319240372 | ||
| 020 |
_a9781319133726 _q(pbk.) |
||
| 020 |
_a131913372X _q(pbk.) |
||
| 020 |
_a9781319445799 _q(Loose-leaf (3-hole punched) |
||
| 020 |
_a1319445799 _q(Loose-leaf (3-hole punched) |
||
| 035 | _a(OCoLC)on1137600328 | ||
| 038 | _aAzhar | ||
| 040 |
_aFEH _beng _cFEH _erda _dVVX _dCSG _dUIN _dOCLCQ _dDLC |
||
| 042 | _alccopycat | ||
| 082 |
_a150 _bMYE |
||
| 100 | 1 |
_aMyers, David G., _eauthor. |
|
| 245 | 1 | 0 |
_aPsychology in everyday life _cDavid G. Myers, Hope College, Holland, Michigan, C. Nathan DeWall, University of Kentucky, Lexington, Kentucky. |
| 250 | _aFifth edition. | ||
| 260 |
_aNY _bWorth Publishers, Macmillan Learning, _c2020 |
||
| 300 |
_axxxii, 427, [188] p _billustrations (chiefly color) ; _c26 cm |
||
| 336 |
_atext _btxt _2rdacontent |
||
| 337 |
_aunmediated _bn _2rdamedia |
||
| 338 |
_avolume _bnc _2rdacarrier |
||
| 504 | _aIncludes bibliographical references and indexes. | ||
| 505 | 0 | _aPsychology's roots, critical, and self-improvement tools -- The biology of behavior and consciousness -- Developing through the life span -- Sex, gender, and sexuality -- Sensation and perception -- Learning -- Memory -- Thinking, language, and intelligence -- Motivation and emotion -- Stress, health, and human flourishing -- Social psychology -- Personality -- Psychological disorders -- Therapy. | |
| 650 | 0 |
_aPsychology _vTextbooks. |
|
| 650 | 7 |
_aPsychology. _2fast _0(OCoLC)fst01081447 |
|
| 655 | 7 |
_aTextbooks. _2fast _0(OCoLC)fst01423863 |
|
| 700 | 1 |
_aDeWall, C. Nathan, _d1954- _eauthor. _994814 |
|
| 906 |
_a0 _bibc _ccopycat _d2 _encip _f20 _gy-gencatlg |
||
| 942 |
_2ddc _cLC |
||
| 999 |
_c590565 _d590565 |
||